| 000 | 00636nam a2200181Ia 4500 | ||
|---|---|---|---|
| 003 | GCL | ||
| 008 | 140319s9999 xx 000 0 ara d | ||
| 040 |
_aGCL / _cGCL |
||
| 082 | 0 | 4 |
_a301.23 _bم م |
| 100 | 1 | _aمصطفى عمر حماده | |
| 245 | 1 | 0 |
_aمجتمعات وثقافات البحر المتوسط : دراسة فى الانثربولوجيا الاركيولوجية / _cمصطفى عمر حماده |
| 300 | _a254 ص | ||
| 490 |
_a100 قصة _v0 |
||
| 650 | 0 | 4 | _aالبحر الابيض المتوسط |
| 650 | 0 | 4 | _aالاجتماع، علم |
| 650 | 0 | 4 | _aالانثربولوجيا الثقافية |
| 942 |
_2ddc _cBK |
||
| 999 |
_c44314 _d44314 |
||